000 00399nam a2200145Ia 4500
008 230917s9999||||xx |||||||||||||| ||und||
040 _e40304
_aMAIN
041 _aEnglish
082 _a809.3 P939M
100 _aPritchett, V S
245 4 _aThe myth makers: essays on European, Russian and South American novelists
260 _aLondon
_bChatto & Windus
_c1979
300 _a190 p.
942 _cBK
999 _c217211
_d217211